00289nam a2200109Ia 4500003000400000008004100004040001600045082002100061245005200082260003000134300001500164GCL140319s9999 xx 000 0 ara d aGCL / cGCL04aمb413.1bت ك10aكتاب كشاف اصطلاحات الفنون a[S.N] : bدار حادر aمتعدد